El periodista Andrés Bello

Salvato in:
Dettagli Bibliografici
Autore principale: Alvarez O., Federico (Autore)
Natura: Libro
Lingua:spagnolo
Pubblicazione: Caracas La Casa de Bello 1981
Edizione:2a. ed
Serie:Cuadernos, 16
Soggetti:
Tags: Aggiungi Tag
Nessun Tag, puoi essere il primo ad aggiungerne!!

MARC

LEADER 00000nam a2200000 a 4500
001 UCR1401
003 CL-VaPUC
008 971219e19810000VE |||||||||||||||||spa|d
082 0 4 |a 070.928  |b ALV  |2 21 
100 0 |a Alvarez O., Federico  |e author  |9 398446 
245 1 3 |a El periodista Andrés Bello 
250 |a 2a. ed 
300 |a 178 p 
942 |c BK 
945 |d 19971219 00:00:00  |a cmena 
260 |a Caracas  |b La Casa de Bello  |c 1981 
650 0 |a Periodismo   |9 310113 
650 0 |a Periodistas   |9 335499 
650 0 |a Composición literaria  |9 324494 
650 7 |a PUBLICACIONES PERIODICAS  |2 CL-VaPUC  |9 335089 
651 7 |a CHILE  |2 CL-VaPUC  |9 398447 
651 0 |a Venezuela  |9 254993 
583 |a last modification  |c 19971219 00:00:00  |k Rodrigo Vera 
490 0 |a Cuadernos, 16 
999 |c 264803  |d 264801 
952 |0 0  |1 0  |4 0  |6 070_928000000000000_ALV_1981  |7 0  |8 A  |9 295305  |a BIBDER  |b BIBDER  |d 2019-11-19  |i 1922432  |o 070.928 ALV 1981  |p 1922432  |r 2023-01-25  |w 2019-11-19  |y BK  |k DER 
952 |0 0  |1 0  |4 0  |6 070_928000000000000_ALV_1981  |7 0  |8 DER_HDC  |9 295306  |a BIBDER  |b BIBDER  |d 2019-11-19  |i 1922440  |l 1  |o 070.928 ALV 1981  |p 1922440  |r 2023-01-25  |s 2020-03-16  |w 2019-11-19  |x Ubicación 4to Piso  |y BK  |z Estos recursos deben solicitarse con anticipación  |k DER